|
|
|
|
| LEADER |
00599nam a22001937a 4500 |
| 003 |
OSt |
| 005 |
20200624134628.0 |
| 008 |
160415b xxu||||| |||| 00| 0 mal d |
| 041 |
|
|
|a mal
|
| 082 |
|
|
|a 823.912O1 NIN
|
| 100 |
|
|
|a Orwell, George
|
| 245 |
|
|
|a Nineteen eighty four/
|c George Orwell
|
| 260 |
|
|
|a Kottayam:
|b D. C. Books,
|c 1949
|
| 300 |
|
|
|a 360p.
|
| 500 |
|
|
|a (Malayalam)
|
| 546 |
|
|
|a In Malayalam
|
| 942 |
|
|
|2 ddc
|c BK
|
| 999 |
|
|
|c 328370
|d 328370
|
| 952 |
|
|
|0 0
|1 0
|2 ddc
|4 0
|6 823_912000000000000_O1_NIN
|7 0
|9 374958
|a CSC
|b CSC
|c ST1
|d 2016-04-15
|i 4566
|l 0
|o 823.912 O1 NIN
|p CSC4566
|r 2016-04-15
|w 2016-04-15
|y BK
|